| 000 | 00643nam a22001937a 4500 | ||
|---|---|---|---|
| 003 | BD-DhUL | ||
| 005 | 20220410121300.0 | ||
| 008 | 220406s2009 bg ||||| |||| 00| 0 per d | ||
| 040 |
_aBD-DhUL _cBD-DhUL |
||
| 082 |
_a891.551 _bREI |
||
| 100 | 1 |
_aرینو، رینو ممتاز۔ _q[Renu, Renu Mumtaz]. |
|
| 245 | 0 |
_aالھامی دیوان رینو ممتاز رینو / _cرینو ممتاز رینو۔ |
|
| 246 | _aIlhami divan-e Renu Mumtaz Renu | ||
| 260 |
_aDhaka : _bAhsania Mission, _c2009. |
||
| 300 |
_aص۔ ۲۵۷، ۴۰، ۱۸۵ ؛ _c۲۸ سم۔ |
||
| 650 | 4 | _aPersian poetry. | |
| 650 | 4 | _aFarsi ghazal. | |
| 942 |
_2ddc _cBK |
||
| 999 |
_c255776 _d255776 |
||